مصر و المصريون أحداث ووقائع النصف الثاني من القرن العشرين : من عودة الأحزاب إلى مواجهة الإرهاب / (رقم التسجيلة. 104072)

تفاصيل مارك
000 -LEADER
fixed length control field 00727nam a22002057a 4500
005 - DATE AND TIME OF LATEST TRANSACTION
control field 20251108173438.0
008 - FIXED-LENGTH DATA ELEMENTS--GENERAL INFORMATION
fixed length control field 250721s2000 xx 000 0 ara d
020 ## - INTERNATIONAL STANDARD BOOK NUMBER
International Standard Book Number 9775411173
082 14 - DEWEY DECIMAL CLASSIFICATION NUMBER
Classification number 962.07/حسن
100 1# - MAIN ENTRY--PERSONAL NAME
Personal name حسنين، عادل
245 10 - TITLE STATEMENT
Title مصر و المصريون أحداث ووقائع النصف الثاني من القرن العشرين : من عودة الأحزاب إلى مواجهة الإرهاب /
264 1# - PRODUCTION, PUBLICATION, DISTRIBUTION, MANUFACTURE, AND COPYRIGHT NOTICE
Place of production, publication, distribution, manufacture القاهرة :
Name of producer, publisher, distributor, manufacturer دار أمادو للنشر،
Date of production, publication, distribution, manufacture, or copyright notice 2000.
300 ## - PHYSICAL DESCRIPTION
Extent ج4.
650 17 - SUBJECT ADDED ENTRY--TOPICAL TERM
Topical term or geographic name as entry element تاريخ مصر
650 17 - SUBJECT ADDED ENTRY--TOPICAL TERM
Topical term or geographic name as entry element المصريون
650 17 - SUBJECT ADDED ENTRY--TOPICAL TERM
Topical term or geographic name as entry element الأحزاب السياسية
650 17 - SUBJECT ADDED ENTRY--TOPICAL TERM
Topical term or geographic name as entry element إتفاقيات السلام
942 ## - ADDED ENTRY ELEMENTS (KOHA)
Source of classification or shelving scheme Dewey Decimal Classification
Koha item type كتب
المقتنيات
حالة السحب حالة الفقدان مصدر التصنيف حالة التلف غير قابل للإعارة المكتبة الرئيسية المكتبة الحالية موقع الرف تاريخ التزويد الرقم المتسلسل Total Checkouts رقم الإستدعاء الباركود تاريخ آخر ظهور تاريخ الفاتورة نوع المادة (كوها)
    Dewey Decimal Classification     المكتبة المركزية المكتبة المركزية الإعارة 28/07/2025 1056225   962.07/حسن 1056225 28/07/2025 28/07/2025 كتب
Implemented & Customized by: BBB with SCIT (Smart Chains for Information Technology)

Powered by Koha